| 000 | 00432cam a2200157ua 4500 | ||
|---|---|---|---|
| 041 |
_aeng _h |
||
| 082 |
_a631.587 _bJEN/DE |
||
| 100 | _aJensen, M.E . | ||
| 245 |
_aDesign and operation of farm irigation systems / _cM.E.Jensen. _hTextual Documents |
||
| 260 |
_aMichigan : _bAmerican Society of Agricultural Engineers , _c1983. |
||
| 300 | _a830 ; . | ||
| 500 | _aPhotocopy | ||
| 504 | _a | ||
| 942 | _cBK | ||
| 999 |
_c12893 _d12893 |
||